Approved Practices In Soil Conservation (Record no. 2891)

MARC details
000 -LEADER
fixed length control field 00314nam a22001337a 4500
020 ## - INTERNATIONAL STANDARD BOOK NUMBER
International Standard Book Number 978-8181582522
041 ## - LANGUAGE CODE
Language code of text/sound track or separate title ENG
100 ## - MAIN ENTRY--PERSONAL NAME
Personal name Foster.A.B
245 ## - TITLE STATEMENT
Title Approved Practices In Soil Conservation
260 ## - PUBLICATION, DISTRIBUTION, ETC. (IMPRINT)
Place of publication, distribution, etc london
Name of publisher, distributor, etc Oxford & Ibh Pub
Date of publication, distribution, etc 1955
300 ## - PHYSICAL DESCRIPTION
Extent 384
650 ## - SUBJECT ADDED ENTRY--TOPICAL TERM
Topical term or geographic name as entry element SWCE ( 24 )
856 ## - ELECTRONIC LOCATION AND ACCESS
Uniform Resource Identifier SWCE ( 24 )
Holdings
Withdrawn status Lost status Source of classification or shelving scheme Damaged status Not for loan Home library Current library Shelving location Date acquired Total Checkouts Barcode Date last seen Price effective from Koha item type
    Dewey Decimal Classification     College of Agricultural Engineering and Technology, Dapoli , Library College of Agricultural Engineering and Technology, Dapoli , Library Book Cart 14/12/2021   G00175 14/12/2021 14/12/2021 Books
    Dewey Decimal Classification     College of Agricultural Engineering and Technology, Dapoli , Library College of Agricultural Engineering and Technology, Dapoli , Library Book Cart 17/12/2021   G00610 17/12/2021 17/12/2021 Books

Contact Us: College of Agricultural Engineering and Technology, Dapoli, Dist.- Ratnagiri
Website: https://dbskkv.org Email: caetlibrary2015@gmail.com